Agenda Educacional Post 2015 América Latina y el Caribe, 29-30 de enero 2013 (Record no. 11222)
[ view plain ]
| 000 -LEADER | |
|---|---|
| campo de control de longitud fija | 00364nam a2200133Ia 4500 |
| 001 - NÚMERO DE CONTROL | |
| campo de control | 3599 |
| 008 - DATOS DE LONGITUD FIJA--INFORMACIÓN GENERAL | |
| campo de control de longitud fija | 241024s9999 xx 000 0 und d |
| 082 ## - NÚMERO DE LA CLASIFICACIÓN DECIMAL DEWEY | |
| Número de clasificación | 305.2/UN56a/2013 |
| 100 ## - ENTRADA PRINCIPAL--NOMBRE DE PERSONA | |
| Nombre de persona | UNESCO |
| 245 #0 - MENCIÓN DEL TÍTULO | |
| Título | Agenda Educacional Post 2015 América Latina y el Caribe, 29-30 de enero 2013 |
| 260 ## - PUBLICACIÓN, DISTRIBUCIÓN, ETC. | |
| Nombre del editor, distribuidor, etc. | México |
| Fecha de publicación, distribución, etc. | 2013 |
| 901 ## - ELEMENTOS DE DATOS A LOCAL LDA (RLIN) | |
| a | 9/1/2014 2:19:50 p.m. |
No items available.